01010nam0a22002411 4500001001100000005001700011021001900028035002600047100004100073101000800114102000700122105001800129200019600147210003700343215002400380606006300404606014500467700006400612702003300676801001800709801002200727852001900749rc\321913920250609192151.0 aRUb[69-74441] a(NLR Aleph) 007466581 a20130115d1969 |||y0rusy50 ca0 arus aRU aa z |||a|1 aНа земле, в небесах и на мореe[РассказыeДля ст. дошкольного и младш. школьного возраста]fРис. Р. Вольского a[Москва]cМалышd1969 a[20] с.cил.d28 aГерои Советского Союза (д. л.)2psbo aСоветская Армия на фронтах Великой Отечественной войны 1941-1945 гг. (д. л.)2psbo 1aЖариковbА.Д.gАндрей Дмитриевич 1aВольскийbР.4440 0aRUbNLRgpsbo 1aRUbELAR2rusmarc aNLRj69-8/1560